| 000 | 00705nam a2200229 a 4500 | ||
|---|---|---|---|
| 001 | BRL_113 | ||
| 005 | 20190320210608.0 | ||
| 008 | 810403s1931 mx-a######---#000-0#spa-# | ||
| 040 |
_aDLC _cCarP _dDLC |
||
| 041 | _aspa | ||
| 044 | _amx | ||
| 050 | 4 |
_aF1386 _b.A85 1931 |
|
| 245 | 1 | 0 |
_aAtlas general del Distrito Federal _bgeográfico, histórico, comercial, estadístico, agrario. |
| 260 |
_aMéxico _bTalleres Gráficos de la Penitenciaria _c1931 |
||
| 300 |
_a342 p. _bil. _c33 cm. |
||
| 500 | _aEstado físico: encuadernado y restaurado, enero 2013 | ||
| 500 | _aAu120 | ||
| 504 | _aBibliografía: p. 337 | ||
| 651 | 4 |
_aMéxico (Distrito Federal) _vAtlas _922946 |
|
| 902 | _aGRL | ||
| 942 |
_2lcc _cB |
||
| 999 |
_c8926 _d8926 |
||